00306nam a2200121Ia 4500008004100000020001500041040001200056082001400068100003900082245002000121260003500141300000800176200103s9999||||xx |||||||||||||| ||und|| a592050602, aIMU-MPC aColumn-25 aKaminski, Zbigniew and Giles, R.A. 0aPhysics, Vol. 2 bLondon Iliffe Books Ltd.c1968 a225